[Event "Malakhatko Memorial op"]
[Site "Chess.com INT"]
[Date "2023.06.14"]
[Round "3"]
[White "Utkin, Sergiy"]
[Black "Sharapov, Evgeny"]
[Result "0-1"]
[WhiteElo "1938"]
[BlackElo "2375"]
[PlyCount "92"]
[EventDate "2023.06.14"]
[EventType "swiss (blitz)"]
[EventRounds "11"]
[EventCountry "USA"]
[SourceTitle "CBM 214 Extra"]
[Source "ChessBase"]
[SourceDate "2023.07.31"]
[SourceVersion "1"]
[SourceVersionDate "2023.07.31"]
[SourceQuality "1"]

1. e4 c5 2. Nf3 d6 3. d4 cxd4 4. Nxd4 Nf6 5. Nc3 Nc6 6. Be2 e5 7. Nb3 Be7 8. Be3 0-0 9. Qd2 a5 10. Bb5 a4 11. Bxa4 Nxe4 12. Nxe4 Rxa4 13. Nc3 Ra8 14. Nd5 Be6 15. Bb6 Qd7 16. 0-0 Bxd5 17. Qxd5 Nb4 18. Qd2 Qb5 19. Be3 Rfc8 20. c3 Nxa2 21. Qc2 Ra6 22. Nd2 d5 23. Qb3 Qxb3 24. Nxb3 d4 25. cxd4 exd4 26. Nxd4 Nb4 27. Rxa6 bxa6 28. g3 Nd5 29. Bd2 Bf6 30. Nb3 Bxb2 31. Rd1 h6 32. Ba5 Nf6 33. Rd6 Rb8 34. Nc5 Ba3 35. Rb6 Rxb6 36. Bxb6 Bxc5 37. Bxc5 Nd5 38. Kf1 f5 39. Ke2 Kf7 40. Kd3 Ke6 41. Kd4 g5 42. Bf8 g4 43. Bxh6 Nf6 44. f3 gxf3 45. Bf4 Ng4 46. h3 f2 0-1